000 00612nam a2200193 i 4500
001 134969
003 ES-MaACL
005 20230906194800.0
007 t|
008 070704s1962 sp ||||1| spa d
080 _a334(04)
100 1 _aThomas, Emile Henri.
_9110007
245 1 0 _aGestión de las cooperativas /
_cE.H. Thomas ; traducción del francés por José Luis del Arco Alvarez.
260 _aMadrid :
_bAguilar,
_c1962.
300 _aXXXII, 298 p. :
_bil. ;
_c25 cm.
650 1 4 _aCooperativas.
_911353
700 1 _aArco Álvarez, José Luis del.
_922505
852 _aES-MaACL
_jC-21166
_bR.49678
999 _c134969
_d134969